000 00469nam a22001697a 4500
003 OSt
008 200319b ||||| |||| 00| 0 eng d
020 _a9788123906140
082 _a660.6 VYP
100 _aVyas, S.P
245 _aPharmaceutical Biotechnology
250 _a1st/e, Reprint 2020
260 _aNew Delhi
_bCBS Publishers & Distributors
300 _a674 pages, Dimensions: 23.6 x 18 x 3.2 cm
650 _aPharmaceutical Biotechnology
942 _2ddc
_cBK
999 _c8599
_d8599